Представление документа в формате RUSMARC

ПолеНазваниеЗначение
  Тип записи a
  Библиографический уровень c
001 Контрольный номер RU/IS/BASE/348323485
005 Дата корректировки 20201206204751.4
010 Индекс ISBN __
d Цена 200-00
101 Язык документа __
a Язык текста rus
200 Заглавие и сведения об ответственности 1_
a Заглавие Наденька из Апалева
e Сведения, относящиеся к заглавию повести
f Первые сведения об ответственности Виктор Курочкин
b Общее обозначение материала Текст
210 Выходные данные __
a Место издания Л.
c Издательство Совет. писатель, Ленингр. отд-ние
d Дата издания 1965
215 Физическое описание __
a Объем 347 с.
300 Общие примечания __
a Общие примечания Дар С. А. Лагерева (1 экз.)
a Общие примечания Кн. с экслибрисом С. А. Лагерева из лич. б-ки (1 экз.)
a Общие примечания Ред. кн.
a Общие примечания Кн. из фонда Рубцов. центра (СПб.)
327 Примечание о содержании __
a Примечание о содержании На войне как на войне
327 Примечание о содержании __
a Примечание о содержании Последняя весна
327 Примечание о содержании __
a Примечание о содержании Заколоченный дом
330 Аннотация __
a Аннотация Виктор Курочкин начал писать, работая народным судьей. Первыми его пробами пера явились военные воспоминания, которые, в большинстве своем, так и остались черновиками. Курочкин дебютировал в литературе в 1952 году рассказом «Пастух». Основная тема творчества - война.
606 Тематические рубрики __
a Основная рубрика Художественная литература
606 Тематические рубрики __
a Основная рубрика Русская литература XX в. (произведения)
z Хронологическая подрубрика 20 в.
y Географическая подрубрика Россия
610 Ключевые слова __
a Ключевые слова военная тема; тема войны; повести; советская литература
686 Индексы других классификаций __
a Классификационный индекс 84(2Рос=Рус)6-4
700 Автор _1
a Фамилия Курочкин
b Имя В. А.
g Полное личное имя Виктор Александрович
4 Код отношения 070
801 Источник записи _0
a Страна RU
b Организация Муниципальное бюджетное учреждение культуры "Централизованная библиотечная система" г. Сургут (Центральная городская библиотека им. А. С. Пушкина)
g Правила каталогизации КиК/Котельникова
801 Источник записи _1
a Страна RU
b Организация Муниципальное бюджетное учреждение культуры "Централизованная библиотечная система" г. Сургут (Центральная городская библиотека им. А. С. Пушкина)
g Правила каталогизации КиК/Котельникова
852 Данные о местонахождении __
j Шифр хранения 84(2Рос=Рус)6-4
i Авторский знак К 93
901 Тип документа __
t Тип документа x
903 Характеристики (МАРС) __
a Дата передачи 20110114
969 Тип издания __
a Тип издания сборник
990 Данные о заказе (DOS) __
j Количество экземпляров (DOS) 1
t N записи в КСУ для И/У (DOS) 201102